Restrained radicals : populist radical right parties in local government / Fred Paxton. (Record no. 22190)

000 -LEADER
fixed length control field 00755nam a22001937a 4500
020 ## - INTERNATIONAL STANDARD BOOK NUMBER
ISBN 9781009379083
082 ## - DEWEY DECIMAL CLASSIFICATION NUMBER
Classification number 320.8094
Item number P39 2023
100 ## - MAIN ENTRY--AUTHOR NAME
Personal name Paxton, Fred, author.
245 ## - TITLE STATEMENT
Title Restrained radicals : populist radical right parties in local government / Fred Paxton.
260 ## - PUBLICATION, DISTRIBUTION, ETC. (IMPRINT)
Place of publication New York :
Name of publisher Cambridge University Press ;
Year of publication c2023.
300 ## - PHYSICAL DESCRIPTION
Number of Pages 1 online resource, xi, 285 pages :
Other physical details illustrations.
500 ## - GENERAL NOTE
General note Includes bibliographical references and index.
650 ## - SUBJECT ADDED ENTRY--TOPICAL TERM
Topical Term Local government -- europe, western.
650 ## - SUBJECT ADDED ENTRY--TOPICAL TERM
Topical Term Political parties -- Europe, Western.
650 ## - SUBJECT ADDED ENTRY--TOPICAL TERM
Topical Term Conservatism -- Europe, Western.
650 ## - SUBJECT ADDED ENTRY--TOPICAL TERM
Topical Term Populism -- Europe, Western.
650 ## - SUBJECT ADDED ENTRY--TOPICAL TERM
Topical Term Right and left (political science) -- Europe, Western.
942 ## - ADDED ENTRY ELEMENTS (KOHA)
Koha item type Electronic Books
Holdings
Source of acquisition Permanent Location Date acquired Collection code Koha item type Lost status Shelving location Withdrawn status Current Location Full call number
DonationCagayan State University - Carig Library2026-04-14E-BooksElectronic Books E-Resource Section Cagayan State University - Carig Library320.8094 P39 2023

Cagayan State University University Library, Carig Campus
Tuguegarao City, Cagayan 3500 | www.csucarig.edu.ph

Powered by Koha